Kapitoly z psychologie hudby pro studenty tančeního oboru. 1. /

Main Author: Holas, Milan, 1954-2010
Corporate Author: Akademie múzických umění v Praze. Hudební fakulta
Language: Czech
Published: Praha : Státní pedagogické nakladatelství, 1990
Edition: 1. vyd.
Physical Description: 91 s.
Book
Saved in:
LEADER 01050nam a22003132a 4500
001 000882668
003 CZ BrMZK
005 20080131094259.0
007 ta
008 080121s1990 xr er|||||||||||cze d
015 |a cnb000055273 
035 |a (OCoLC)39439221 
040 |a BOA001  |b cze 
080 9 |a 78 
080 9 |a 159.9 
080 9 |a 378.678 
100 1 |a Holas, Milan,  |d 1954-2010  |7 xx0013298  |4 aut 
245 1 0 |a Kapitoly z psychologie hudby pro studenty tančeního oboru.  |n 1. /  |c Milan Holas 
250 |a 1. vyd. 
260 |a Praha :  |b Státní pedagogické nakladatelství,  |c 1990 
300 |a 91 s. 
504 |a Obsahuje bibliografie 
550 |a Vydavatel: Akademie múzických umění v Praze, Hudební fakulta 
710 2 |a Akademie múzických umění v Praze.  |b Hudební fakulta  |7 kn20010709002 
910 |a BOA001  |b 4-0954.810,1 
964 |a Hudba - psychologie - učebnice - školy vysoké 
990 |a BK 
991 |b 200801 
996 7 |b 2619254006  |c 4-0954.810,1  |l MZK  |r Sklad / do 1 hodiny  |n 3  |w 000882668  |u 000010  |a 1  |e BOA001  |j MZK50  |s A